000 00397cam a2200169ua 4500
020 _c1.00
041 _amal
_h
082 _a894.812
_bSEK/CH
100 _aSekhar, Pyngode .
245 _aCherimiye kollicha Thamiru /
_cPyngode Sekhar.
_hTextual Documents
260 _a :
_bE Elias ,
_c1961.
300 _a86 ; .
365 _a1.00
504 _a
942 _cBK
999 _c6308
_d6308